Experimental green strategies : (Record no. 353466)
[ view plain ]
| 000 -LEADER | |
|---|---|
| fixed length control field | 00704nam a22002177a 4500 |
| 003 - CONTROL NUMBER IDENTIFIER | |
| control field | OSt |
| 005 - DATE AND TIME OF LATEST TRANSACTION | |
| control field | 20180116192408.0 |
| 008 - FIXED-LENGTH DATA ELEMENTS--GENERAL INFORMATION | |
| fixed length control field | 120426t2011 xxu||||| |||| 00| 0 eng d |
| 020 ## - INTERNATIONAL STANDARD BOOK NUMBER | |
| International Standard Book Number | 9780470689790 |
| 040 ## - CATALOGING SOURCE | |
| Transcribing agency | 0 |
| 082 ## - DEWEY DECIMAL CLASSIFICATION NUMBER | |
| Classification number | 720.47 EXP 2011 |
| 245 ## - TITLE STATEMENT | |
| Title | Experimental green strategies : |
| Remainder of title | Redefining ecological research/ |
| Statement of responsibility, etc. | Guest-Edited by Terri Peters |
| 260 ## - PUBLICATION, DISTRIBUTION, ETC. | |
| Place of publication, distribution, etc. | London : |
| Name of publisher, distributor, etc. | Wiley ; |
| Date of publication, distribution, etc. | 2011 |
| 300 ## - PHYSICAL DESCRIPTION | |
| Extent | 136 P. : |
| Other physical details | ill ; |
| Dimensions | 28 cm. |
| 440 ## - SERIES STATEMENT/ADDED ENTRY--TITLE | |
| Title | Architectural design ; |
| Name of part/section of a work | SADAv. 81, no. 6 |
| 9 (RLIN) | 1079 |
| 490 ## - SERIES STATEMENT | |
| Series statement | Profile ; |
| Volume/sequential designation | 214 |
| International Standard Serial Number | 0003-8504 |
| 650 ## - SUBJECT ADDED ENTRY--TOPICAL TERM | |
| Topical term or geographic name entry element | Sustainable architecture |
| 9 (RLIN) | 1080 |
| 700 ## - ADDED ENTRY--PERSONAL NAME | |
| Personal name | Peters, Terri. |
| 9 (RLIN) | 1081 |
| 942 ## - ADDED ENTRY ELEMENTS (KOHA) | |
| Source of classification or shelving scheme | |
| Koha item type | Book |
| Withdrawn status | Lost status | Source of classification or shelving scheme | Damaged status | Not for loan | Permanent Location | Current Location | Date acquired | Total Checkouts | Total Renewals | Full call number | Barcode | Date last seen | Date last checked out | Cost, replacement price | Price effective from | Koha item type |
|---|---|---|---|---|---|---|---|---|---|---|---|---|---|---|---|---|
| School of Art Design and Architecture (SADA) | School of Art Design and Architecture (SADA) | 04/25/2012 | 2 | 1 | 720.47 EXP 2011 | SADA0001658 | 05/25/2015 | 04/23/2015 | 3162.00 | 04/26/2012 | Book |
